01009nam a2200313Ia 4500001000800000003000500008005001700013008004100030010001100071020001800082040000900100082001700109100002300126245014400149260003700293300000900330500010100339503002100440504002800461650001700489650001600506650002200522650002100544650002200565650001900587700002600606700002900632700003400661dia_149CHAP20221208131241.0220117s1987 xx 000 0 und d a170579 a968-422-249-1 cCHAP a330 D67 1987 aDornbusch, Rudiger aEconomía : microeconomía y macroeconomía /c Rudiger Dornbusch, Stanley Fischer y Roger Le Roy Miller ; traducción Stella de Calvo aMéxico :b McGraw-Hill,c1987 a4 v. aTítulo original: Intermediate microeconomics: theories, issues and applications macroeconomics aI.144347 (4 ej.) aIncluye bibliografías aEconomía  aEconomics  aMacroeconomía  aMacroeconomics  aMicroeconomía  aMicroeconomics aCalvo, Stella de, tr. aFisher, Stanley, coaut.  aLe Roy Miller, Roger, coaut.